Gminy powiatu kartuskiego - Statystyki

Ogólne statystyki
  • Ten quiz został rozwiązany 59 razy
  • Średni wynik to 5 z 8
Statystyki odpowiedzi
Status gminy Gmina % Poprawnych
Miejsko-wiejska Kartuzy
100%
Miejsko-wiejska Żukowo
89%
Wiejska Sierakowice
71%
Wiejska Stężyca
61%
Wiejska Somonino
58%
Wiejska Sulęczyno
55%
Wiejska Przodkowo
50%
Wiejska Chmielno
47%
Nie znaleziono quizów pasujących do podanych kryteriów
Rozkład punktacji
Procent ludzi z każdym wynikiem
Percentyl według liczby udzielonych odpowiedzi
Twoja historia wyników
Nie rozwiązałeś tego quizu